MANUAL DE ONCOLOGIA : (Registro nro. 57497)
[ vista simple ]
| 000 -LEADER | |
|---|---|
| fixed length control field | 01029nam a2200193 a 4500 |
| 001 - CONTROL NUMBER | |
| control field | 57497 |
| 005 - DATE AND TIME OF LATEST TRANSACTION | |
| control field | 20180714053715.0 |
| 008 - FIXED-LENGTH DATA ELEMENTS--GENERAL INFORMATION | |
| fixed length control field | 140415s2010 mx 000 0 spa d |
| 020 ## - INTERNATIONAL STANDARD BOOK NUMBER | |
| International Standard Book Number | 9789701068724 |
| 041 ## - LANGUAGE CODE | |
| Language code of text/sound track or separate title | spa |
| 082 ## - DEWEY DECIMAL CLASSIFICATION NUMBER | |
| Classification number | 616.992 |
| Item number | GRA |
| 100 1# - MAIN ENTRY--PERSONAL NAME | |
| Personal name | GRANADOS GARCIA, MARTIN |
| 245 10 - TITLE STATEMENT | |
| Title | MANUAL DE ONCOLOGIA : |
| Remainder of title | PROCEDIMIENTOS MEDICO QUIRURGICOS |
| 250 ## - EDITION STATEMENT | |
| Edition statement | 4ed. |
| 260 ## - PUBLICATION, DISTRIBUTION, ETC. | |
| Place of publication, distribution, etc. | MEXICO : |
| Name of publisher, distributor, etc. | MCGRAW-HILL INTERAMERICANA EDITORES, |
| Date of publication, distribution, etc. | 2010 |
| 300 ## - PHYSICAL DESCRIPTION | |
| Extent | 1364 |
| Dimensions | 13.5 x 5.7 x 20.5 |
| 520 ## - SUMMARY, ETC. | |
| Summary, etc. | NADA ES CONSTANTE... SOLO EL CAMBIO.. Y LA ONCOLOGIA NO ES LA EXCEPCION. POR ESTA RAZON SE REVISARON Y ACTUALIZARON TODOS LOS CAPITULOS DE ESTE MANUAL, CUYA BASE DE AUTORES ES LA MISMA QEU EN EDICIONES ANTERIORES: LOS EXPERTOS MEDICOS DEL INSTITUTO NACIONAL DE CANCEROLOGIA, CADA UNO ESCRIBIENDO CON LA CALIDAD DE SIEMPRE, SOBRE SU RESPECTIVA AREA DE EXPERIENCIA. LOS NUEVOS TOPICOS, POR SUPUESTO, REFLEJAN LOS RECIENTES AVAN ES EN LA TERAPEUTICA DIRIGIDA A BLANCOS MOLECULARES, QUE HAN G |
| 650 14 - SUBJECT ADDED ENTRY--TOPICAL TERM | |
| Topical term or geographic name entry element | ONCOLOGIA |
| Withdrawn status | Lost status | Source of classification or shelving scheme | Damaged status | Not for loan | Collection code | Home library | Current library | Shelving location | Date acquired | Source of acquisition | Inventory number | Total Checkouts | Full call number | Barcode | Date last seen | Price effective from | Koha item type | Total Renewals | Date last checked out |
|---|---|---|---|---|---|---|---|---|---|---|---|---|---|---|---|---|---|---|---|
| Dewey Decimal Classification | General | Biblioteca Karol Wojtyla | Biblioteca Karol Wojtyla | Sala general | 03/12/2013 | Compra | 151000000000000000008781 | 616.992 GRA | 86846 | 05/01/2026 | 03/12/2013 | Reserva permanente | |||||||
| Dewey Decimal Classification | General | Biblioteca Karol Wojtyla | Biblioteca Karol Wojtyla | Sala general | 03/12/2013 | Compra | 151000000000000000008778 | 24 | 616.992 GRA 2010 | 86844 | 03/02/2026 | 30/09/2014 | Libro | 5 | 21/01/2026 | ||||
| Dewey Decimal Classification | General | Biblioteca Karol Wojtyla | Biblioteca Karol Wojtyla | Sala general | 03/12/2013 | Compra | 151000000000000000008780 | 616.992 GRA | 86845 | 05/01/2026 | 03/12/2013 | Reserva permanente |